000 00448cam a22001934a 4500
005 20250605164158.0
008 250528s ||||||||||||||||||||||||d
035 _a19671
020 _a915734524
040 _aGR-AtMCL
_bgre
_dGR-AtMCL
_eAACR2
245 1 _aPRINT CASEBOOKS 7 1987/1988
250 _a1
260 _bRc Publications,
_c1986
300 _a96
700 1 _aReese Teresa
_95878
942 _cBK
999 _c4927
_d4927